5HLuxD.jpg

KING HENRY VIII SENIOR AND PRIMARY SCHOOL LIBRARY OPAC

Dog eat dog (Record no. 1626)

000 -LEADER
fixed length control field 01355cam a2200337 a 4500
001 - CONTROL NUMBER
control field 348915
003 - CONTROL NUMBER IDENTIFIER
control field OSt
005 - DATE AND TIME OF LATEST TRANSACTION
control field 20230116113129.0
008 - FIXED-LENGTH DATA ELEMENTS--GENERAL INFORMATION
fixed length control field 160122s2015 nyua c 000 1 eng d
020 ## - INTERNATIONAL STANDARD BOOK NUMBER
International Standard Book Number 9780448466934
Qualifying information (hbk.) :
040 ## - CATALOGING SOURCE
Original cataloging agency DLC
Language of cataloging eng
Description conventions rda
Transcribing agency DLC
Modifying agency YDXCP
-- BTCTA
-- BDX
-- NYP
-- BGU
-- HC
-- KH8
042 ## - AUTHENTICATION CODE
Authentication code nbic
082 0# - DEWEY DECIMAL CLASSIFICATION NUMBER
Classification number 813.6 MAR
100 1# - MAIN ENTRY--PERSONAL NAME
Personal name Marcionette, Jake.
Relator term aurthor
245 10 - TITLE STATEMENT
Title Dog eat dog
Statement of responsibility, etc. by Jake Marcionette ; illustrated by Victor Rivas Villa.
260 ## - PUBLICATION, DISTRIBUTION, ETC.
Place of publication, distribution, etc. New York
Name of publisher, distributor, etc. Grosset & Dunlap, an imprint of Penguin Group (USA) LLC
Date of publication, distribution, etc. [2015]
300 ## - PHYSICAL DESCRIPTION
Extent 193 p.
Other physical details col. ill.
Dimensions 20 cm.
490 0# - SERIES STATEMENT
Series statement Just Jake ;
Volume/sequential designation 2.
520 ## - SUMMARY, ETC.
Summary, etc. Sixth-grader Jake Ali Mathews is slowly settling in at his new school and has a new best friend, Michael, but a substitute teacher arrives who instructs by having her students help with a fledgling pet-grooming company, which strains his friendship and tests his growing popularity.
521 1# - TARGET AUDIENCE NOTE
Target audience note Ages 8-12.
650 #0 - SUBJECT ADDED ENTRY--TOPICAL TERM
Topical term or geographic name entry element Middle schools
Form subdivision Fiction.
650 #0 - SUBJECT ADDED ENTRY--TOPICAL TERM
Topical term or geographic name entry element Schools
Form subdivision Fiction.
650 #0 - SUBJECT ADDED ENTRY--TOPICAL TERM
Topical term or geographic name entry element Popularity
Form subdivision Fiction.
650 #0 - SUBJECT ADDED ENTRY--TOPICAL TERM
Topical term or geographic name entry element Friendship
Form subdivision Fiction.
650 #0 - SUBJECT ADDED ENTRY--TOPICAL TERM
Topical term or geographic name entry element Substitute teachers
Form subdivision Fiction.
650 #0 - SUBJECT ADDED ENTRY--TOPICAL TERM
Topical term or geographic name entry element Pet grooming salons
Form subdivision Fiction.
650 #0 - SUBJECT ADDED ENTRY--TOPICAL TERM
Topical term or geographic name entry element Brothers and sisters
Form subdivision Juvenile fiction.
650 #0 - SUBJECT ADDED ENTRY--TOPICAL TERM
Topical term or geographic name entry element Humorous stories.
700 1# - ADDED ENTRY--PERSONAL NAME
Personal name Rivas, Victor.
Relator term Illustrator
942 ## - ADDED ENTRY ELEMENTS (KOHA)
Source of classification or shelving scheme
Koha item type Books - Non Ficton
Holdings
Withdrawn status Lost status Source of classification or shelving scheme Damaged status Not for loan Collection code Permanent Location Current Location Shelving location Date acquired Total Checkouts Full call number Barcode Date last seen Date last checked out Price effective from Koha item type
          Non-Fiction KH8 Primary School Library KH8 Primary School Library Non Fiction 2023-01-16 8 813.6 MAR KHPL000003385 2026-02-27 2026-01-12 2023-01-16 Books - Non Ficton

Powered By KH8 IT Dept